000 01502cam a22001934a 4500
005 20250605164223.0
008 250528s ||||||||||||||||||||||||d
035 _a20747
040 _aGR-AtMCL
_bgre
_dGR-AtMCL
_eAACR2
245 1 _aΒασικές Δεξιότητες στις Τεχνολογίες της Πληροφορίας και της Επικοινωνίας / Το Μικρό Βιβλίο Οδηγιών: Εγχειρίδιο Βασικής Χρήσης Εφαρμογών - Γ' ΚΠΣ Επιχειρησιακό Πρόγραμμα: Εκπαίδευσης και Αρχικής Επαγγελματικής Κατάρτισης ΙΙ (Ε.Π.Ε.Α.Ε.Κ. ΙΙ)
260 _bΠαιδαγωγικό Ινστιτούτο - Εαιτυ,
_c2007
300 _a48
520 _aΕισαγωγή, Το Μικρό Βιβλίο Οδηγιών των Windows, Το Μικρό Βιβλίο Οδηγιών της Επεξεργασίας Κειμένου, Το Μικρό Βιβλίο Οδηγιών των Υπολογιστικών Φύλλων, Το Μικρό Βιβλίο Οδηγιών για την Περιήγηση στο Internet, Το Μικρό Βιβλίο Οδηγιών του Ηλεκτρονικού Ταχυδρομείου, Το Μικρό Βιβλίο Οδηγιών των Παρουσιάσεων.
700 1 _aΠαπαδάκης Σπυρίδων Χ
_96715
700 1 _aΧατζηπέρης Νικόλαος Θ
_96716
942 _cBK
999 _c5831
_d5831